[Event "Roquebrune rapid"]
[Site "Roquebrune"]
[Date "1992.??.??"]
[Round "4"]
[White "Anand, Viswanathan"]
[Black "Adams, Michael"]
[Result "1/2-1/2"]
[WhiteElo "2670"]
[BlackElo "2590"]
[Annotator "Stohl,I"]
[PlyCount "96"]
[EventDate "1992.02.??"]
[EventType "tourn (rapid)"]
[EventRounds "22"]
[EventCountry "FRA"]
[EventCategory "15"]
[SourceTitle "CBM 028"]
[Source "ChessBase"]
[SourceDate "1992.06.01"]
[SourceVersion "1"]
[SourceVersionDate "1992.06.01"]
[SourceQuality "1"]

1. d4 Nf6 2. c4 c5 3. d5 b5 4. f3 $5 g6 (4... bxc4 $5 5. e4 d6 6. Bxc4 (6. Nc3
g6 7. f4 Bg7 8. Nf3 O-O 9. Bxc4 Nbd7 $132 {/\Nb6,e6}) 6... g6 7. Ne2 $6 Bg7 8.
O-O O-O 9. Bg5 Nbd7 10. Nd2 Rb8 11. b3 Ne5 12. h3 Nfd7 13. Rc1 Nb6 $36 {
Basagic,V-Nun,Ji,Hartberg op 1991}) 5. e4 (5. cxb5 a6 {-4.cb5 a6 5.f3}) 5... d6
6. cxb5 a6 7. Nc3 (7. Na3 $5 Bg7 8. Ne2 O-O (8... axb5 9. Nxb5 O-O 10. Nec3 Na6
11. Be3 Nc7 12. a4 Nxb5 13. Bxb5 Ne8 14. O-O Nc7 15. Qd2 $6 Nxb5 16. axb5 Bd7
17. Rfb1 Ra5 18. Qe1 Qa8 $146 {Krasenkov,M-Milos,G,Palma GMA op 1989-TD 89_13})
9. Nc3 Nbd7 10. Be2 Nb6 11. O-O e6 $1 12. dxe6 Bxe6 13. Bg5 h6 14. Bh4 axb5 15.
Naxb5 Nc4 16. e5 Nxe5 17. Qxd6 Qxd6 18. Nxd6 Rfb8 $146 {Poluljahov,A-Shashin,A,
Moscow Russian Winter op 1991-TD 91_03}) 7... Bg7 8. a4 O-O 9. Ra3 $5 {N} (9.
Bg5 h6 10. Bd2 $6 (10. Be3 $142) 10... e6 11. Bc4 axb5 12. Bxb5 exd5 13. exd5
Na6 14. Nge2 Nc7 15. Bc6 Rb8 16. Bc1 Ba6 17. O-O Nd7 18. Re1 Ne5 $36 {Subasic,
I-Tesic,D,JUG-ch 1991-TD 91_07}) 9... axb5 (9... e6 $5 $132) 10. Bxb5 Ba6 (
10... e6 11. Nge2 Bb7 12. Nf4 $5 $14) 11. Nge2 Bxb5 12. Nxb5 Na6 13. O-O Nc7
14. Nec3 $14 Nd7 (14... Nfe8 $5 {/\Nb5,Nc7<=>}) 15. Kh1 Nb6 16. b3 Nxb5 (16...
c4 17. Be3 $1 (17. b4 $2 Nxb5 18. Nxb5 Qd7 $36 {/\Na4}) 17... Nxb5 18. Nxb5
cxb3 19. Qxb3 $14) 17. Nxb5 Qd7 18. Ra2 Rfb8 (18... Qxb5 19. axb5 Rxa2 20. Be3
$16 {/\b4}) 19. Rff2 $1 (19. Be3 $2 Nxa4 $1 20. bxa4 Rxb5 21. axb5 Rxa2 $17)
19... c4 (19... Nc8 $5 20. Bb2 Na7 (20... Rxb5 $6 21. Bxg7 $16) 21. Na3 $5 $14)
20. bxc4 Nxc4 21. Rfc2 Rc8 (21... Nb6 22. Rc6 $16 {/\Be3}) 22. h3 $1 h5 23. Bf4
Rc5 24. Qe2 Rac8 25. Bh2 $1 $16 Nb6 (25... Na5 $142) 26. Rxc5 Rxc5 (26... dxc5
27. a5 Na8 $8 28. Qc4 $18) 27. Bg1 Rc1 (27... Nxa4 $5 28. Bxc5 Nxc5 $16) 28.
Qe3 $1 Rxg1+ $8 29. Qxg1 Nxa4 30. Nd4 (30. Rxa4 Qxb5 31. Qd1 h4 $16 {<=>עh1})
30... Nc3 31. Ra8+ (31. Rc2 Qa4 $1 $132) 31... Kh7 32. Nc6 Qb7 33. Ra7 Qb2 34.
Rxe7 Ne2 (34... h4 35. Qe1 $18) 35. Qe1 $6 (35. Qf2 $142 Bh6 36. g3 h4 37. gxh4
Qc1+ 38. Kh2 $1 Bf4+ 39. Kg2 $18) 35... Nf4 36. Qf1 Ne2 37. Kh2 (37. Qf2 $142
$5) 37... Bh6 $1 $132 38. g3 (38. Rxf7+ $2 Kg8 39. Rf6 Kg7 $1 $19) 38... h4 39.
gxh4 Nf4+ 40. Kh1 Nh5 41. Qg1 Kg8 $1 (41... Bf4 42. Rxf7+ Kh8 43. Rxf4 $16) 42.
Re8+ Kh7 43. Rb8 Qd2 44. Rb1 Bf4 $10 45. Qg2 Ng3+ 46. Kg1 Ne2+ 47. Kf1 Ng3+ 48.
Kg1 Ne2+ {[Stohl]} 1/2-1/2

[Event "Roquebrune rapid"]
[Site "Roquebrune"]
[Date "1992.??.??"]
[Round "6"]
[White "Anand, Viswanathan"]
[Black "Kortschnoj, Viktor Lvovich"]
[Result "1/2-1/2"]
[WhiteElo "2670"]
[BlackElo "2585"]
[PlyCount "124"]
[EventDate "1992.02.??"]
[EventType "tourn (rapid)"]
[EventRounds "22"]
[EventCountry "FRA"]
[EventCategory "15"]
[SourceTitle "CBM 028"]
[Source "ChessBase"]
[SourceDate "1992.06.01"]
[SourceVersion "1"]
[SourceVersionDate "1992.06.01"]
[SourceQuality "1"]

1. Nf3 Nf6 2. g3 b5 3. Bg2 Bb7 4. O-O e6 5. d3 d6 6. c4 bxc4 7. dxc4 Be7 8. Nc3
O-O 9. Re1 c5 10. b3 Nc6 11. Bb2 a6 12. Qd2 Qc7 13. Rad1 Rad8 14. Qc1 Rd7 15.
e4 Rfd8 16. h3 Ne5 17. Qc2 Nc6 18. Bc1 Ne8 19. g4 Bf6 20. Be3 Nb4 21. Qd2 Bxc3
22. Qxc3 Nxa2 23. Qd2 Nb4 24. Bf4 e5 25. Bg5 f6 26. Bh4 g5 27. Bg3 Ng7 28. Nh2
Ne6 29. Nf1 Nd4 30. Rb1 Bc6 31. Ne3 Rb8 32. Nd5 Qd8 33. Re3 a5 34. Bf3 Rf7 35.
Bd1 Be8 36. Ra1 Rfb7 37. Ra3 Bg6 38. Kg2 Kg7 39. Kg1 Be8 40. Kg2 Bg6 41. Kg1
Nbc6 42. Kh2 Ra8 43. Ra4 Qb8 44. Ra3 h6 45. Kg2 Nb4 46. Nc3 Be8 47. f3 Nbc6 48.
Bf2 Bf7 49. Qa2 Nb4 50. Qd2 Be8 51. h4 Rba7 52. h5 Qb7 53. Re1 Qf7 54. Na4 Bxa4
55. Rxa4 Rb8 56. Be3 Qc7 57. Bf2 Nbc6 58. Re3 Rab7 59. Qa2 Nb4 60. Qd2 Ndc6 61.
Be1 Nd8 62. Kg1 Ndc6 1/2-1/2

[Event "Roquebrune rapid"]
[Site "Roquebrune"]
[Date "1992.??.??"]
[Round "7"]
[White "Karpov, Anatoly"]
[Black "Anand, Viswanathan"]
[Result "1/2-1/2"]
[WhiteElo "2725"]
[BlackElo "2670"]
[PlyCount "111"]
[EventDate "1992.02.??"]
[EventType "tourn (rapid)"]
[EventRounds "22"]
[EventCountry "FRA"]
[EventCategory "15"]
[SourceTitle "CBM 028"]
[Source "ChessBase"]
[SourceDate "1992.06.01"]
[SourceVersion "1"]
[SourceVersionDate "1992.06.01"]
[SourceQuality "1"]

1. d4 d6 2. c4 e5 3. Nc3 exd4 4. Qxd4 Nf6 5. b3 Nc6 6. Qd2 g6 7. Bb2 Bg7 8. g3
O-O 9. Bg2 Ne5 10. Nf3 Ned7 11. O-O a5 12. Rad1 Nc5 13. Nd4 Re8 14. Ba1 h5 15.
Nd5 Nxd5 16. cxd5 h4 17. Rfe1 Bd7 18. Nc2 Bxa1 19. Rxa1 b5 20. Qh6 Qf6 21. Qf4
Kg7 22. Qxf6+ Kxf6 23. Nd4 hxg3 24. hxg3 b4 25. Rac1 a4 26. Rc4 Reb8 27. e4
axb3 28. axb3 Ra2 29. e5+ dxe5 30. Nc6 Bxc6 31. Rxc5 Bd7 32. Rxc7 Ke7 33. f4
Kd6 34. Rc4 exf4 35. Rxf4 f5 36. g4 g5 37. Rf2 Rxf2 38. Kxf2 f4 39. Bf3 Rc8 40.
Ra1 Rc2+ 41. Ke1 Rc3 42. Bd1 Kxd5 43. Ra5+ Rc5 44. Ra6 Bb5 45. Rb6 Ke4 46. Rd6
f3 47. Rf6 Rc1 48. Kd2 Rc3 49. Rf5 Bd7 50. Rxg5 Rd3+ 51. Kc2 Be6 52. Re5+ Kxe5
53. Kxd3 Bxg4 54. Bxf3 Be6 55. Kc2 Kd4 56. Kb2 1/2-1/2

[Event "Roquebrune rapid"]
[Site "Roquebrune"]
[Date "1992.??.??"]
[Round "15"]
[White "Adams, Michael"]
[Black "Anand, Viswanathan"]
[Result "1/2-1/2"]
[WhiteElo "2590"]
[BlackElo "2670"]
[PlyCount "70"]
[EventDate "1992.02.??"]
[EventType "tourn (rapid)"]
[EventRounds "22"]
[EventCountry "FRA"]
[EventCategory "15"]
[SourceTitle "CBM 028"]
[Source "ChessBase"]
[SourceDate "1992.06.01"]
[SourceVersion "1"]
[SourceVersionDate "1992.06.01"]
[SourceQuality "1"]

1. e4 c5 2. Nf3 d6 3. d4 cxd4 4. Nxd4 Nf6 5. Nc3 a6 6. Be3 e5 7. Nf3 Qc7 8. a4
Be6 9. a5 Nbd7 10. Ng5 Bc4 11. Bxc4 Qxc4 12. Ra4 Qc6 13. O-O Be7 14. Qe2 Rc8
15. Rd1 O-O 16. h3 Rfe8 17. Nf3 Bf8 18. Nh2 h6 19. Ng4 Re6 20. Nxf6+ Nxf6 21.
Rd2 Be7 22. Rb4 Bd8 23. Bb6 Bxb6 24. Rxb6 Qd7 25. Nd5 Nxd5 26. Rxd5 Rc6 27. c3
Rxb6 28. axb6 Qc6 29. Qe3 f5 30. exf5 Rf6 31. Rd2 Rxf5 32. b3 d5 33. Qd3 Rf6
34. Qxd5+ Qxd5 35. Rxd5 Rxb6 1/2-1/2

[Event "Roquebrune rapid"]
[Site "Roquebrune"]
[Date "1992.??.??"]
[Round "21"]
[White "Polugaevsky, Lev"]
[Black "Anand, Viswanathan"]
[Result "1/2-1/2"]
[WhiteElo "2630"]
[BlackElo "2670"]
[PlyCount "61"]
[EventDate "1992.02.??"]
[EventType "tourn (rapid)"]
[EventRounds "22"]
[EventCountry "FRA"]
[EventCategory "15"]
[SourceTitle "CBM 028"]
[Source "ChessBase"]
[SourceDate "1992.06.01"]
[SourceVersion "1"]
[SourceVersionDate "1992.06.01"]
[SourceQuality "1"]

1. d4 Nf6 2. c4 e6 3. Nf3 b6 4. g3 Ba6 5. b3 Bb7 6. Bg2 Bb4+ 7. Bd2 a5 8. O-O
O-O 9. Nc3 h6 10. Qc2 Re8 11. Rfe1 Bxc3 12. Bxc3 Be4 13. Qb2 d5 14. Bf1 Bxf3
15. exf3 Nbd7 16. Bd3 a4 17. Rad1 axb3 18. axb3 Ra7 19. f4 Qa8 20. f5 Nf8 21.
Ra1 exf5 22. Rxa7 Rxe1+ 23. Bxe1 Qxa7 24. Bxf5 dxc4 25. bxc4 Qa4 26. Qc2 Qa1
27. Qc3 Qd1 28. Kg2 Ne6 29. Bd2 Qh5 30. Bxe6 fxe6 31. Bf4 1/2-1/2

[Event "Dortmund"]
[Site "Dortmund"]
[Date "1992.??.??"]
[Round "7"]
[White "Anand, Viswanathan"]
[Black "Huebner, Robert"]
[Result "1-0"]
[WhiteElo "2670"]
[BlackElo "2615"]
[Annotator "Anand,V"]
[PlyCount "61"]
[EventDate "1992.04.16"]
[EventType "tourn"]
[EventRounds "9"]
[EventCountry "GER"]
[EventCategory "17"]
[SourceTitle "CBM 029"]
[Source "ChessBase"]
[SourceDate "1992.08.01"]
[SourceVersion "1"]
[SourceVersionDate "1992.08.01"]
[SourceQuality "1"]

1. e4 {Ernst} e5 2. Nf3 Nf6 3. d4 Nxe4 4. Bd3 d5 5. Nxe5 Nd7 6. Nxd7 Bxd7 7.
O-O Qh4 8. c4 O-O-O 9. c5 g6 (9... g5 {Ernst}) 10. Nc3 Bg7 11. g3 (11. Ne2 {
Ernst} Nf6 12. b4 Nh5 13. b5 $14 {Timman,J-Huebner,R/Tilburg/1983/.}) 11... Qf6
12. Be3 Bf5 $2 (12... Ng5 $5 13. f4 (13. Nxd5 Nh3+ (13... Bc6 14. Qg4+) 14. Kg2
(14. Kh1 Bc6 15. Qg4+ Qe6) 14... Bc6 15. Qg4+ Kb8 16. Qxh3 Rxd5 $17) 13... Qe6
$1 (13... Nh3+ 14. Kg2 Rhe8 $13) 14. Re1 Ne4 $13) (12... Ng5 $5 {Ernst}) 13.
Nb5 $1 Bh3 (13... a6 14. Nxc7 Qc6 (14... Kxc7 15. Bf4+ Kc8 16. Be5 Qc6 17. Bxg7
Rhg8 18. Be5 f6 19. Bf4 g5 20. Be3) 15. Na8 $1 $16) 14. Nxa7+ $1 Kb8 15. Nb5
Bxf1 16. Bxf1 {White is almost winning here-Black has no defence to the
threats of Qa4 and Bf4} Rhe8 17. Qa4 Qa6 18. Qb4 Qa8 {!?*&} (18... Qc6 19. Qa5
f5 20. Bf4 Re7 21. Nxc7 Rxc7 22. Bb5 $18) 19. a4 $1 {tucking in her majesty} g5
20. a5 c6 21. Nc3 Nxc3 22. bxc3 h6 23. a6 f5 24. Bh3 Rf8 25. a7+ Kc8 26. Qb1 g4
27. Bf1 Kd7 28. Bd3 Ke6 29. Bf4 Rf7 30. Qc2 Bf8 31. Qe2+ (31. Qe2+ Kf6 32. Qe5+
Kg6 33. Qe6+ Rf6 (33... Kg7 34. Be5+ Kg8 35. Bxf5 Re8 36. Bh7+ $1 $18) 34.
Bxf5+ Kg7 35. Be5 $18) 1-0

[Event "Dortmund"]
[Site "Dortmund"]
[Date "1992.??.??"]
[Round "9"]
[White "Piket, Jeroen"]
[Black "Anand, Viswanathan"]
[Result "1/2-1/2"]
[WhiteElo "2615"]
[BlackElo "2670"]
[Annotator "Ftacnik,L"]
[PlyCount "62"]
[EventDate "1992.04.16"]
[EventType "tourn"]
[EventRounds "9"]
[EventCountry "GER"]
[EventCategory "17"]
[SourceTitle "CBM 029"]
[Source "ChessBase"]
[SourceDate "1992.08.01"]
[SourceVersion "1"]
[SourceVersionDate "1992.08.01"]
[SourceQuality "1"]

1. d4 d5 2. Nf3 Nf6 3. c4 c6 4. Nc3 e6 5. e3 Nbd7 6. Bd3 dxc4 7. Bxc4 b5 8. Bd3
Bb7 9. e4 b4 10. Na4 c5 11. e5 Nd5 12. O-O cxd4 13. Re1 g6 14. Bg5 Qa5 15. Nxd4
a6 (15... Rc8 16. a3 Be7 17. Bh6 a6 18. Qb3 Qd8 19. Nf3 g5 $132 {
Belov-Kaidanov/Moskva II/1987/}) (15... Bg7 16. Bb5 a6 17. Bxd7+ Kxd7 18. Nb3
Qb5 19. Nd4 Qa5 20. Nb3 Qb5 21. Nac5+ Ke8 22. Rc1 Bc8 23. Ne4 Bxe5 24. Rc5 Qb8
25. Rxd5 $1 exd5 26. Nf6+ $18 {Marjanovic,S-Karaklajic,N/Jug-ch/1977/}) 16. Rc1
Bg7 17. Nc6 Bxc6 18. Rxc6 O-O (18... Nxe5 $2 19. Rc5 $18) (18... Bxe5 $2 19.
Rxe5 Nxe5 20. Rc5 $18) 19. Bc4 N5b6 $1 20. Nxb6 Nxb6 21. Bb3 Rfc8 (21... Bxe5
22. Rxb6 Qxb6 23. Rxe5 $18) 22. Rxc8+ Rxc8 23. Qd4 Qb5 24. h4 Nd7 (24... a5 25.
h5 a4 26. Bd1 $36) 25. Bf6 Bf8 (25... Nxf6 26. exf6 Bf8 27. Rxe6 Rc1+ 28. Kh2
Qb8+ $1 29. g3 fxe6 30. Bxe6+ Kh8 31. f7+ Bg7 32. Qd7 Bf8 33. Qd4+ $10) 26. Rd1
Nxf6 27. exf6 a5 28. Qd7 Qxd7 29. Rxd7 h5 (29... Rc5 30. g4) 30. f3 Rc5 31. g4
hxg4 {Ftacnik,L} 1/2-1/2

[Event "Amsterdam Euwe Memorial"]
[Site "Amsterdam"]
[Date "1992.??.??"]
[Round "?"]
[White "Anand, Viswanathan"]
[Black "Seirawan, Yasser"]
[Result "1-0"]
[WhiteElo "2670"]
[BlackElo "2600"]
[Annotator "Blatny,P"]
[PlyCount "78"]
[EventDate "1992.05.??"]
[EventType "tourn"]
[EventRounds "6"]
[EventCountry "NED"]
[EventCategory "16"]
[SourceTitle "CBM 030"]
[Source "ChessBase"]
[SourceDate "1992.10.01"]
[SourceVersion "1"]
[SourceVersionDate "1992.10.01"]
[SourceQuality "1"]

1. e4 {Kortschnoj Ernst} c6 2. d4 d5 3. exd5 cxd5 4. c4 Nf6 5. Nc3 Nc6 (5...
Be6 {Ernst} 6. Nge2 $1 dxc4 7. Nf4 Bc8 8. Bxc4 e6 9. d5 e5 10. O-O $1 Bd6 {
10.-exf4 11.Te1+ Le7 12.d6!} 11. Nh5 Nxh5 12. Qxh5 O-O 13. Ne4 Qe7 14. Bd2 Nd7
15. Bc3 f5 16. Nxd6 Qxd6 17. Qe2 a6 18. a3 Re8 19. Rac1 $16 {Hebden - A.Martin,
England (ch), 1985.}) 6. Bg5 dxc4 (6... Qa5 {Ernst} 7. Bxf6 (7. Qd2 {Ernst} Bf5
(7... Be6 {Ernst} 8. c5 Ne4 $1 9. Nxe4 dxe4 10. Qxa5 Nxa5 11. Bd2 $1 Nc6 12.
Bc3 O-O-O 13. Ne2 Bc4 14. Ng3 $10 {Ribli - Torre, Alicante 1983.}) 8. Bxf6 exf6
9. cxd5 Nb4 10. Bb5+ Kd8 11. Kf1 Nxd5 12. Nge2 $14 {Gavrikov - Matulovic,
Vrsac, 1985}) 7... exf6 8. cxd5 Bb4 9. Qd2 Bxc3 10. bxc3 Qxd5 11. Ne2 O-O 12.
Nf4 Qd6 13. Be2 Bf5 14. O-O Rac8 15. Rac1 Rfd8 16. Rfd1 $13 {Ornstein -
Shamkovich, Gausdal 1984.}) (6... Be6 {Ernst} 7. Qd2 $1 g6 $6 8. g3 $1 Na5 9.
Bxf6 exf6 10. c5 h5 11. Bg2 Bh6 12. Qc2 O-O 13. Nge2 Re8 14. O-O Bf5 15. Qa4
Bd3 16. Rfe1 Bd2 17. Red1 $1 Nc4 18. Nxd5 $1 $16 {Svesnikov - Mih.Cejtlin,
Sochi 1985.}) (6... e6 {Ernst} 7. c5 Bd7 8. Bb5 b6 9. cxb6 Qxb6 10. Bxf6 gxf6
11. Nge2 a6 12. Bxc6 Bxc6 13. Rb1 Bd6 14. O-O h5 15. b4 Ke7 16. Qd2 Bb5 17.
Rfe1 Rag8 18. Nxb5 axb5 19. Nc3 Kf8 20. Qd3 Qb8 $14 {Psakhis - Granda Zuniga,
Manila (ol) 1992.}) 7. d5 (7. Bxc4 $36) 7... Ne5 (7... Na5 8. b4 (8. Nf3 $1 {
Ernst} e6 9. Bxf6 gxf6 10. Bxc4 Nxc4 11. Qa4+ Bd7 12. Qxc4 Rc8 13. Qh4 f5 14.
dxe6 Bxe6 $14 {Hebden - Orr, London 1988.}) 8... cxb3 9. axb3 Bd7 10. b4 Rc8
11. Nb5 Nc4 $36 {Sveshnikov-Roepert, Amsterdam op 1992}) 8. Qd4 h6 (8... Nd3+
9. Bxd3 cxd3 10. Nf3 $16 {Botvinnik-Flohr, Leningrad (m) 1933} (10. Nf3 $1 {
Ernst} h6 11. Bf4 g5 12. Be5 Bg7 13. Qxd3 $14 {Botvinnik.})) 9. Bh4 (9. Be3
Nd3+ 10. Bxd3 cxd3 11. Nf3 e6 $10) (9. Bf4 Ng6 10. Bxc4 Nxf4 11. Qxf4 g5 {
/\Bg7,0-0}) 9... Ng6 10. Bg3 e6 11. d6 (11. Bxc4 exd5 12. Nxd5 Nxd5 $10) 11...
Ne7 $1 12. Rd1 (12. O-O-O Nf5 13. Qxc4 Bd7 {/\Rc8->}) 12... Ned5 (12... Nf5 13.
Qxc4 (13. Qc5 $1 {Ernst} Bd7 14. Bxc4 Rc8 15. Qb4 $16) 13... Nxg3 (13... a6)
14. Nb5 Nd5 15. Nc7+ Nxc7 16. dxc7 Qxd1+ 17. Kxd1 Nxh1 $13) 13. Qe5 {/\14.Nd5
Nd5 15.Rd5 +-} Nd7 (13... Ng4 {Ernst} 14. Nxd5 $5 Nxe5 15. Nc7+ Kd7 16. Bxe5
Rb8 17. Bxc4 $40) 14. Qe2 (14. Qd4 N7f6 (14... Nxc3 15. bxc3 {()}) 15. Qe5 $10)
14... Nxc3 15. bxc3 g6 (15... b5 16. Nf3 Bb7 17. Nd4 Qa5 $36) 16. Be5 (16. Qxc4
Bg7 {/\b6,Bb7,Rc8 |^}) 16... Nxe5 (16... Rg8 17. Nf3 b5 $15) 17. Qxe5 Rg8 {
/\Bg7 /^a1-h8} 18. Bxc4 Bg7 19. Bb5+ (19. Qe3 Qg5 {/\Qg2,Qe3 --> _|_}) 19...
Bd7 20. Bxd7+ Qxd7 21. Qe3 Qc6 22. Ne2 b6 (22... Qxg2 23. d7+ (23. Rg1 Qc6 24.
d7+ Ke7 $19) 23... Ke7 (23... Kd8 {Ernst} 24. Rg1 Qxh2 $13 (24... Qc6 {
Kortschnoj} 25. Rg4 $146) 25. Qf3 Ke7 26. Qxb7 Bxc3+ 27. Kf1 Qh3+ $1 $132) 24.
Qc5+ Kd8 25. Rg1 Qxh2 {/\Qc7}) 23. O-O O-O-O 24. c4 Kb7 (24... Kb8 $142) (24...
Rxd6 {Ernst} 25. Rxd6 Qxd6 26. Qf3 Qc7 $1 27. Qa8+ Qb8 28. Qc6+ Qc7 29. Qa8+
$10) 25. Nd4 {/\26.Qf3 /^h1-a8->} Bxd4 (25... Qxd6 $2 {Ernst} 26. Qf3+ $16 (26.
Qf3+ {Kortschnoj} Ka6 27. Nc6 $18)) 26. Rxd4 Rd7 (26... h5 $142) 27. Qxh6 e5 (
27... Rxd6 28. Qf4 (28. Qh7 {Ernst} Rf8 $10) 28... Rd7 $10) 28. Rd5 Re8 29. Qd2
Re6 30. c5 (30. Rd1 $2 {Kortschnoj} Qxc4 31. Rc1 Rexd6 32. Rxd6 Rxd6 $17) 30...
bxc5 31. Rb1+ Ka8 32. Qb2 Re8 33. Rxe5 Red8 34. Qc3 Rxd6 35. Rf1 c4 (35... Rd5
{+/=/=}) 36. Re7 f6 $2 (36... R6d7 $142 $10) 37. Qe3 R6d7 38. Rxd7 Qxd7 (38...
Rxd7 39. Qe8+ Kb7 40. Qxg6 $16) 39. Qf3+ Qd5 $4 $138 (39... Qd5 40. Rd1 $18) (
39... Qb7 $8 40. Qxf6 {+/-/+-}) 1-0

[Event "Linares m"]
[Site "Linares"]
[Date "1992.??.??"]
[Round "3"]
[White "Ivanchuk, Vassily"]
[Black "Anand, Viswanathan"]
[Result "1/2-1/2"]
[WhiteElo "2720"]
[BlackElo "2690"]
[Annotator "Anand,V"]
[PlyCount "35"]
[EventDate "1992.09.??"]
[EventType "match"]
[EventRounds "8"]
[EventCountry "ESP"]
[SourceTitle "CBM 031"]
[Source "ChessBase"]
[SourceDate "1992.12.01"]
[SourceVersion "1"]
[SourceVersionDate "1992.12.01"]
[SourceQuality "1"]

1. e4 c5 2. Nf3 d6 3. d4 cxd4 4. Nxd4 Nf6 5. Nc3 Nc6 6. Bc4 e6 7. Bb3 a6 8. f4
Be7 9. Be3 Qc7 10. O-O b5 11. f5 Nxd4 12. Bxd4 e5 13. Bf2 Bb7 14. a3 $5 (14.
Bh4 Nxe4 15. Nxe4 Bxe4 16. Qg4 (16. Bxe7 Kxe7 17. Qg4 d5) 16... d5 17. Qxg7
O-O-O $132) 14... O-O 15. Qf3 Rac8 16. Rfe1 h6 $1 17. h3 Bc6 18. Qd3 (18. Qd3
Qb7 19. Bh4 Nh7 20. Bf2 $1 Nf6 $8 21. Bh4 $10) 1/2-1/2

[Event "Alekhine Memorial"]
[Site "Moscow"]
[Date "1992.??.??"]
[Round "?"]
[White "Karpov, Anatoly"]
[Black "Anand, Viswanathan"]
[Result "0-1"]
[WhiteElo "2715"]
[BlackElo "2690"]
[Annotator "Ftacnik,L"]
[PlyCount "100"]
[EventDate "1992.11.??"]
[EventType "tourn"]
[EventRounds "7"]
[EventCountry "RUS"]
[EventCategory "18"]
[SourceTitle "CBM 033"]
[Source "ChessBase"]
[SourceDate "1993.04.01"]
[SourceVersion "1"]
[SourceVersionDate "1993.04.01"]
[SourceQuality "1"]

1. d4 d5 2. c4 c6 3. Nc3 Nf6 4. e3 e6 5. Nf3 Nbd7 6. Bd3 dxc4 7. Bxc4 b5 8. Bd3
Bb7 9. a3 b4 10. Ne4 a5 11. O-O Be7 12. Nxf6+ Nxf6 13. e4 O-O 14. Qc2 h6 15.
axb4 Bxb4 16. e5 Nd7 17. Bh7+ Kh8 18. Be4 Qb8 19. Rd1 c5 20. Bf4 (20. d5 f5 $1
21. exf6 Nxf6 22. Nh4 Rd8 23. Bf4 Qa7 24. Ng6+ Kg8 25. Be5 Nxe4 26. Qxe4 Bxd5
27. Qh4 c4 $17) 20... cxd4 21. Rxd4 Rc8 22. Qe2 Nf8 $1 (22... Nb6 23. Ng5 $1
Bxe4 (23... hxg5 $2 24. Qh5+ Kg8 25. Qh7+ Kf8 26. Qh8+ Ke7 27. Bxg5+ f6 28.
Qxg7+ Ke8 29. Bg6#) 24. Nxe4 Nd5 $13) 23. h4 Bxe4 24. Rxe4 Ng6 25. h5 Nxf4 26.
Rxf4 Ra7 27. g4 Bf8 28. g5 Rb7 29. Qa6 (29. gxh6 gxh6 $13) 29... Ra7 30. Qe2
Qb6 31. Rd1 Rac7 32. Rd2 Bb4 33. Rdd4 Bc5 (33... Rc2 34. Qe4 Rxb2 35. Rxf7) 34.
Rd2 Qc6 35. Kh2 Bb4 36. Rd3 Qc1 37. Rdd4 (37. Kg3 Rc2 38. Qe4 (38. Qd1 Qxb2 39.
Rxf7) 38... Bc5 39. Nd4 Bxd4 40. Rxd4 Rxb2 41. gxh6 (41. Rxf7 Qxg5+ 42. Qg4
Qxe5+ $10) 41... gxh6 42. Rxf7 $2 Rg8+ 43. Kh3 (43. Kf3 Qh1+ 44. Kf4 Rxf2+)
43... Rb3+ 44. Rd3 Rxd3+ 45. Qxd3 Qh1#) 37... Rc2 38. Qd3 Rf8 39. g6 fxg6 $1
40. Rxb4 (40. Rxf8+ Bxf8 41. Rd8 Qf4+ 42. Kg2 Rxb2 $17) 40... Rxf4 41. Qd8+ Kh7
42. hxg6+ Kxg6 43. Qe8+ Kh7 44. Ng5+ hxg5 45. Qh5+ Kg8 46. Qe8+ Rf8 47. Qxe6+
Kh7 48. Qh3+ Kg6 49. Rb6+ Rc6 50. Qd3+ Rf5 0-1

[Event "Paris Immopar rapid"]
[Site "Paris"]
[Date "1992.??.??"]
[Round "1"]
[White "Adams, Michael"]
[Black "Anand, Viswanathan"]
[Result "1-0"]
[WhiteElo "2610"]
[BlackElo "2690"]
[Annotator "Boensch,U"]
[PlyCount "109"]
[EventDate "1992.11.??"]
[EventType "k.o. (rapid)"]
[EventRounds "4"]
[EventCountry "FRA"]
[SourceTitle "CBM 033"]
[Source "ChessBase"]
[SourceDate "1993.04.01"]
[SourceVersion "1"]
[SourceVersionDate "1993.04.01"]
[SourceQuality "1"]

1. e4 c5 2. Nf3 d6 3. d4 cxd4 4. Nxd4 Nf6 5. Nc3 Nc6 6. Bg5 e6 7. Qd2 a6 8.
O-O-O h6 9. Be3 Nxd4 (9... Be7 {- Ehlvest-Serper CBM 33}) 10. Bxd4 b5 11. f3 (
11. Kb1 $1 Bb7 (11... b4 12. Na4 Nxe4 (12... Rb8 13. e5 $1 $16) 13. Qxb4 d5 14.
Qe1 $14) 12. f3 Be7 13. g4 Bc6 $146 14. Qf2 $14 {(Anand) Ivanchuk,V-Anand,V
Linares m/5 1992 1/2 26 -Inf.55/228}) 11... Qa5 12. Kb1 (12. a3 $146 e5 13. Be3
Be6 14. Kb1 Be7 15. g4 Rb8 16. Nd5 Qxd2 17. Nxf6+ $2 (17. Rxd2 $10) 17... gxf6
$1 18. Rxd2 h5 19. Rg1 hxg4 20. fxg4 Bc4 $3 $17 {(Anand) Ivanchuk,V-Anand,V
Linares m/1 1992 0-1 45 -Inf.55/227}) (12. Bxf6 gxf6 13. Kb1 b4 14. Ne2 Qc5 15.
Qd4 $14 {Georgiev,Ki-Gulko,B Manila 1990 1-0 62 -Inf.55/239}) 12... b4 13. Ne2
e5 14. Be3 Be6 15. Nc1 d5 $1 $10 16. exd5 Nxd5 17. Nb3 Qc7 18. Bd3 Be7 19. Rhe1
(19. Be4 Nxe3 (19... Rd8 $6 20. Qe2 Nxe3 21. Rxd8+ Bxd8 (21... Qxd8 22. Bc6+
$14) 22. Qxe3 $10) 20. Bxa8 (20. Qxe3 Rc8 $15) 20... Nxd1 21. Rxd1 O-O $15)
19... O-O 20. Qf2 a5 $15 21. Be4 a4 $6 (21... Nxe3 22. Rxe3 Rac8 $17) 22. Nc5
Bxc5 23. Bxd5 (23. Bxc5 Rfd8 24. Bxd5 Rxd5 (24... Bxd5 $2 25. Bb6 Qc4 26. b3
$18) 25. Rxd5 Bxd5 $15) 23... Bxe3 (23... Bxd5 24. Rxd5 $10) 24. Qxe3 Rac8 $15
25. Qe4 Rfe8 26. Bxe6 Rxe6 27. Rd2 b3 $6 (27... a3 28. Qxb4 axb2 $15) 28. Qxa4
$1 bxa2+ 29. Ka1 $14 Ree8 30. Red1 Ra8 31. Qe4 Qb6 32. c3 Rab8 33. Qc2 Qe6 34.
Rd6 Qc4 35. Rd7 Ra8 36. Qd3 Qf4 37. g3 Qf6 38. Rd6 Qg5 39. Qe4 f5 40. Qd5+ Kh8
41. Rd7 f4 42. gxf4 Qxf4 43. Rg1 Qf6 44. Rf7 Red8 45. Qxa8 $18 (45. Qb3 $18)
45... Rxa8 46. Rxf6 gxf6 47. c4 f5 48. c5 e4 49. fxe4 fxe4 50. Re1 Ra4 51. b3
Rd4 52. Kxa2 Kg7 53. c6 Rd2+ 54. Kb1 Rd6 55. c7 {Boensch} (55. c7 Rc6 56. Rc1
$18) 1-0